| 000 | 01540cam3a220031301 4500 | ||
|---|---|---|---|
| 001 | tmp15752981 | ||
| 003 | UPRA | ||
| 005 | 20190816104831.0 | ||
| 008 | 951020m19621965rh eng u | ||
| 035 | _a(Sirsi) r40604 | ||
| 035 | _a(UPRA)tmp15752981 | ||
| 040 | _cUPRA | ||
| 100 | 1 |
_aAngus, A. _6A17024.1 |
|
| 245 | 1 | 0 |
_aAnnotated list of plant pests, diseases and fungi in Northern Rhodesia / _crecorded at the Plant Pathology Laboratory, Mount Makulu Research Station, to 1962. |
| 260 |
_aChilanga : _bMt. Makulu Research Station, _c1962-1965. |
||
| 500 | _aSupplement. (With appendix of amendments to Pts. 1-7 issued. (iv) 97 p. 33 cm. | ||
| 505 | 0 | _apt. 4. Annotated list of plant pests, diseases and fungi in Zambia -- pt. 6. Plant pests and diseases in Northern Rhodesia -- pt. 7. Annotated list of plant pests and diseases in Zambia. | |
| 650 | 0 |
_aPlant diseases -- Zambia. _zPlant diseases -- Zambia. _6S12514.1 |
|
| 710 | 2 |
_aMount Makulu Research Station. Plant Pathology Laboratory. _bMount Makulu Research Station. Plant Pathology Laboratory. _6A101352.1 |
|
| 949 |
_aSB605 _wlcc _i-49342 _mMAIN _tBOOK _lON-SHELF |
||
| 949 |
_aSB605 _wlcc _i-49343 _mMAIN _tBOOK _lON-SHELF |
||
| 949 |
_aSB605 _wlcc _i-49344 _mMAIN _tBOOK _lON-SHELF |
||
| 949 |
_aSB605 _wlcc _i-49345 _mMAIN _tBOOK _lON-SHELF |
||
| 949 |
_aSB605 _wlcc _i-49346 _mMAIN _tBOOK _lON-SHELF |
||
| 949 |
_aSB605 _wlcc _i-49347 _mMAIN _tBOOK _lON-SHELF |
||
| 949 |
_aSB605 _wlcc _i-49348 _mMAIN _tBOOK _lON-SHELF |
||
| 949 |
_aSB605 _wlcc _i-49349 _mMAIN _tBOOK _lON-SHELF |
||
| 004 | 40604 | ||
| 999 |
_c88868 _d88868 |
||